[Event "Titled Tuesday 2023.11.21 Late"]
[Site "chess.com INT"]
[Date "2023.11.21"]
[Round "5"]
[White "Hambleton, Aman"]
[Black "Bettalli, Francesco"]
[Result "1-0"]
[WhiteElo "2420"]
[BlackElo "2274"]
[PlyCount "85"]
[EventDate "2023.11.21"]
[EventType "swiss (blitz)"]
[EventRounds "11"]
[EventCountry "NET"]
[Source "Mark Crowther"]
[SourceDate "2023.11.27"]

1. d4 g6 2. c4 Nf6 3. Nc3 c5 4. d5 a6 5. a4 d6 6. e4 Bg7 7. Bd3 e6 8. h3 Qe7 9.
Nf3 a5 10. O-O e5 11. Nh2 Nh5 12. Qf3 Na6 13. g4 Nf4 14. Bxf4 exf4 15. Qxf4 Nb4
16. Rad1 Be5 17. Qd2 h5 18. f4 Bd4+ 19. Kh1 hxg4 20. hxg4 Bxg4 21. Rde1 Qh4 22.
Bb1 O-O-O 23. Nb5 Bh3 24. Nxd4 Bxf1 25. Ndf3 Qh3 26. Kg1 Bxc4 27. Qg2 Qd7 28.
Ng4 Qxa4 29. Ne3 Ba6 30. e5 Qb3 31. Be4 Bd3 32. Ng5 Rh4 33. Nxf7 Rf8 34. Nxd6+
Kb8 35. Bf3 Rhxf4 36. Bd1 Qa2 37. e6 Kc7 38. e7 Kxd6 39. exf8=Q+ Rxf8 40. Qg3+
Kd7 41. Qe5 Re8 42. Bg4+ Kd8 43. Qd6# 1-0

[Event "Titled Tuesday 2023.10.31 Early"]
[Site "chess.com INT"]
[Date "2023.10.31"]
[Round "11"]
[White "Martinez Alcantara, Jose Eduardo"]
[Black "Hambleton, Aman"]
[Result "1-0"]
[WhiteElo "2611"]
[BlackElo "2420"]
[PlyCount "79"]
[EventDate "2023.10.31"]
[EventType "swiss (blitz)"]
[EventRounds "11"]
[EventCountry "NET"]
[Source "Mark Crowther"]
[SourceDate "2023.11.06"]

1. e4 b6 2. d4 Bb7 3. Bd3 e6 4. Qe2 d5 5. exd5 Qxd5 6. Nf3 Nf6 7. Nbd2 Bd6 8.
c3 Nbd7 9. Nc4 Qh5 10. h3 Bxf3 11. Qxf3 Qxf3 12. gxf3 Nd5 13. Nxd6+ cxd6 14. c4
N5f6 15. Bd2 d5 16. b3 O-O 17. O-O Rfc8 18. Rfe1 h6 19. a4 a5 20. Rac1 Rc6 21.
f4 g6 22. f5 gxf5 23. Bxh6 Kh7 24. Bf4 Rcc8 25. Kh2 Nf8 26. Be5 N8d7 27. Bf4
Nf8 28. f3 Ng6 29. Bg5 Kg7 30. Rg1 dxc4 31. bxc4 Rd8 32. d5 exd5 33. Bxf5 dxc4
34. Rxc4 Rd5 35. Bb1 Ra7 36. Rc6 Nh7 37. Bc1 Nhf8 38. h4 Rh5 39. Kg3 Rxh4 40.
Bxg6 1-0

[Event "Titled Tuesday 2023.10,24 Late"]
[Site "chess.com INT"]
[Date "2023.10.24"]
[Round "4"]
[White "Mikaelyan, A."]
[Black "Hambleton, Aman"]
[Result "1/2-1/2"]
[WhiteElo "2526"]
[BlackElo "2420"]
[PlyCount "149"]
[EventDate "2023.10.24"]
[EventType "swiss (blitz)"]
[EventRounds "11"]
[EventCountry "NET"]
[Source "Mark Crowther"]
[SourceDate "2023.10.30"]

1. d4 Nf6 2. c4 e5 3. dxe5 Ng4 4. Bf4 Nc6 5. Nf3 Bb4+ 6. Nc3 Bxc3+ 7. bxc3 Qe7
8. Qd5 f6 9. exf6 Nxf6 10. Qd3 d6 11. g3 O-O 12. Bg2 Re8 13. O-O Qxe2 14. Qxe2
Rxe2 15. Nd4 Nxd4 16. cxd4 Be6 17. Bxb7 Rb8 18. Bf3 Rc2 19. d5 Bg4 20. Bxg4
Nxg4 21. Rac1 Rxa2 22. c5 Rbb2 23. cxd6 cxd6 24. Bxd6 Rd2 25. Rc5 Nf6 26. Bf4
Rxd5 27. Rc8+ Kf7 28. Rfc1 a5 29. R8c7+ Rd7 30. Be5 Rad2 31. Bf4 Rxc7 32. Rxc7+
Rd7 33. Rc4 Ra7 34. Ra4 Nd5 35. Bd2 Nb6 36. Rxa5 Rxa5 37. Bxa5 Nd5 38. Bd2 h5
39. Kg2 Ke6 40. Kf3 Kf5 41. h3 g6 42. Ke2 Nf6 43. f3 Nd5 44. Kd3 Nf6 45. Be3
Nd7 46. g4+ hxg4 47. hxg4+ Ke6 48. Bd4 Nf8 49. Ke4 Nd7 50. Kf4 Kf7 51. Bc3 Ke6
52. Kg5 Kf7 53. Kh6 Nf8 54. Bd4 Ne6 55. Be5 Nc5 56. f4 Nd3 57. Bd6 Nf2 58. g5
Ng4+ 59. Kh7 Ne3 60. Be5 Nf5 61. Bc3 Nh4 62. Bd2 Nf5 63. Be1 Ne7 64. Bg3 Nf5
65. Bf2 Ne7 66. Bd4 Nf5 67. Bf6 Nh4 68. Bd8 Nf5 69. Bb6 Ng3 70. Be3 Nf5 71. Bd2
Nd6 72. Be1 Nf5 73. Bf2 Ne7 74. Bd4 Nf5 75. Bf2 1/2-1/2

[Event "Maritime op"]
[Site "Summerside CAN"]
[Date "2023.10.07"]
[Round "1"]
[White "Hambleton, Aman"]
[Black "Felix, Chris"]
[Result "1-0"]
[WhiteElo "2004"]
[BlackElo "2527"]
[PlyCount "63"]
[EventDate "2023.10.07"]
[EventType "swiss"]
[EventRounds "6"]
[EventCountry "CAN"]

1. d4 Nf6 2. Nc3 d5 3. Bf4 c6 4. e3 Bf5 5. f3 e6 6. g4 Bg6 7. h4 h5 8. g5 Ng8
9. Qd2 Bd6 10. Bxd6 Qxd6 11. Qh2 Qxh2 12. Rxh2 Ne7 13. e4 Nd7 14. O-O-O O-O 15.
Bh3 b5 16. exd5 Nxd5 17. Nxd5 cxd5 18. Ne2 Nb6 19. Nf4 Kh7 20. Nxg6 Kxg6 21.
Bf1 Nc4 22. Bd3+ f5 23. gxf6+ Kxf6 24. Rg2 Rg8 25. Rdg1 Nd6 26. Rg6+ Kf7 27.
R6g5 Kf6 28. Rxh5 Rh8 29. Rhg5 Rxh4 30. Rg6+ Ke7 31. Re1 Nc4 32. b3 1-0

[Event "Maritime op"]
[Site "Summerside CAN"]
[Date "2023.10.07"]
[Round "2"]
[White "Desforges, Jean"]
[Black "Hambleton, Aman"]
[Result "0-1"]
[WhiteElo "2527"]
[BlackElo "2106"]
[PlyCount "56"]
[EventDate "2023.10.07"]
[EventType "swiss"]
[EventRounds "6"]
[EventCountry "CAN"]

1. d4 Nf6 2. c4 e5 3. dxe5 Ng4 4. Nf3 Bc5 5. e3 Nc6 6. Be2 Ncxe5 7. O-O Nxf3+
8. Bxf3 Ne5 9. Be2 O-O 10. Nd2 Re8 11. b3 a5 12. Bb2 Ra6 13. Nf3 Nxf3+ 14. Bxf3
Rh6 15. g3 d6 16. a3 c6 17. Bd4 Qg5 18. Bxc5 Qxc5 19. Qd4 Qf5 20. Bg2 Qh5 21.
h4 g5 22. Rfd1 c5 23. Qd5 Re5 24. Qxe5 dxe5 25. Rd8+ Kg7 26. Rxc8 gxh4 27. f3
hxg3 28. Rd1 e4 0-1

[Event "Maritime op"]
[Site "Summerside CAN"]
[Date "2023.10.08"]
[Round "3"]
[White "Hambleton, Aman"]
[Black "Kalinin, Dzmitry"]
[Result "1-0"]
[WhiteElo "2527"]
[BlackElo "2232"]
[PlyCount "77"]
[EventDate "2023.10.07"]
[EventType "swiss"]
[EventRounds "6"]
[EventCountry "CAN"]

1. d4 d5 2. Nc3 Nf6 3. Bf4 e6 4. Nb5 Na6 5. e3 Bb4+ 6. c3 Be7 7. a4 c6 8. Na3
Nb8 9. Nf3 a5 10. Bd3 Bd6 11. O-O b6 12. Ne5 Qc7 13. c4 Nbd7 14. cxd5 Bxe5 15.
dxe5 Nxd5 16. Nc4 O-O 17. Nd6 Ba6 18. Bxa6 Rxa6 19. Bg3 Nc5 20. Qc2 Raa8 21.
Rfd1 Nb7 22. e4 Nb4 23. Qc4 c5 24. Nb5 Qe7 25. Na3 Nd8 26. Rd6 Ndc6 27. Nb5
Rad8 28. Rad1 h5 29. h4 Rxd6 30. Rxd6 Rd8 31. Qe2 Nd4 32. Qxh5 Nxb5 33. axb5
Nd3 34. Qg4 c4 35. h5 Rxd6 36. exd6 Qd7 37. h6 g6 38. Qg5 Kh7 39. Qf6 1-0

[Event "Maritime op"]
[Site "Summerside CAN"]
[Date "2023.10.08"]
[Round "4"]
[White "Dorrance, Adam"]
[Black "Hambleton, Aman"]
[Result "1/2-1/2"]
[WhiteElo "2395"]
[BlackElo "2527"]
[PlyCount "62"]
[EventDate "2023.10.07"]
[EventType "swiss"]
[EventRounds "6"]
[EventCountry "CAN"]

1. c4 e5 2. Nc3 Nf6 3. Nf3 Nc6 4. e3 Bb4 5. Qc2 Bxc3 6. bxc3 O-O 7. e4 d6 8. g3
Nd7 9. Nh4 Nc5 10. Bg2 a6 11. O-O b5 12. d4 exd4 13. cxd4 Nxd4 14. Qd2 Nc6 15.
e5 Bb7 16. exd6 Qxd6 17. Qxd6 cxd6 18. Nf5 Ne5 19. cxb5 Bxg2 20. Kxg2 axb5 21.
Nxd6 b4 22. Be3 Ncd3 23. Rfd1 Rfd8 24. Nf5 h5 25. Nd4 Nb2 26. Rdb1 Nec4 27. Nc2
Nxe3+ 28. Nxe3 Rd2 29. Rc1 Nd3 30. Rc2 Rxc2 31. Nxc2 Rc8 1/2-1/2

[Event "Maritime op"]
[Site "Summerside CAN"]
[Date "2023.10.09"]
[Round "5"]
[White "Hambleton, Aman"]
[Black "Kapra, Jerjis"]
[Result "1-0"]
[WhiteElo "2527"]
[BlackElo "2261"]
[PlyCount "59"]
[EventDate "2023.10.07"]
[EventType "swiss"]
[EventRounds "6"]
[EventCountry "CAN"]

1. d4 d5 2. Nc3 Nf6 3. Bf4 a6 4. e3 e6 5. g4 Bb4 6. Nge2 O-O 7. a3 Be7 8. g5
Nfd7 9. e4 dxe4 10. Nxe4 c5 11. d5 exd5 12. Qxd5 Qa5+ 13. Bd2 Qc7 14. O-O-O Nb6
15. Qb3 Qc6 16. Bg2 Qe6 17. Qxe6 Bxe6 18. Be3 N8d7 19. Nf4 Bg4 20. f3 Bf5 21.
Ng3 Be6 22. Nxe6 fxe6 23. f4 Nd5 24. Bh3 Kf7 25. Rxd5 exd5 26. Bxd7 Rad8 27.
Bg4 Rfe8 28. Bd2 b6 29. Rf1 Bd6 30. f5 1-0

[Event "Maritime op"]
[Site "Summerside CAN"]
[Date "2023.10.09"]
[Round "6"]
[White "Marchand, Calix"]
[Black "Hambleton, Aman"]
[Result "0-1"]
[WhiteElo "2057"]
[BlackElo "2527"]
[PlyCount "42"]
[EventDate "2023.10.07"]
[EventType "swiss"]
[EventRounds "6"]
[EventCountry "CAN"]

1. e4 e5 2. Nc3 Nf6 3. g3 c6 4. d4 d6 5. Bg2 Be7 6. Nge2 b5 7. a3 Bb7 8. O-O
O-O 9. h3 Re8 10. Be3 Nbd7 11. Qd2 a5 12. b3 Qc7 13. Rad1 Bf8 14. f4 b4 15.
axb4 axb4 16. Na4 exd4 17. Nxd4 Nxe4 18. Bxe4 Rxe4 19. Rfe1 c5 20. Nf5 Qc6 21.
c4 Rxf4 0-1

[Event "Titled Tuesday 2023.10.03 Late"]
[Site "chess.com INT"]
[Date "2023.10.03"]
[Round "3"]
[White "Jimenez, Joa"]
[Black "Hambleton, Aman"]
[Result "0-1"]
[WhiteElo "2147"]
[BlackElo "2420"]
[PlyCount "112"]
[EventDate "2023.10.03"]
[EventType "swiss (blitz)"]
[EventRounds "11"]
[EventCountry "NET"]
[Source "Mark Crowrther"]
[SourceDate "2023.10.09"]

1. d4 Nf6 2. Nf3 e6 3. Bg5 h6 4. Bh4 d6 5. Nc3 g5 6. Bg3 Nh5 7. e4 Nd7 8. Bd3
Bg7 9. Qe2 g4 10. Nd2 Nxg3 11. hxg3 Bxd4 12. Qxg4 Qf6 13. Nf3 Ne5 14. Nxe5
Qxf2+ 15. Kd1 Bxe5 16. Ne2 Bd7 17. Qf3 Qb6 18. Rb1 O-O-O 19. Kd2 Qa5+ 20. c3
Qxa2 21. Kc2 Qa4+ 22. b3 Qc6 23. Qe3 Qb6 24. Qxb6 axb6 25. Rbf1 Rh7 26. Nf4 Rg8
27. Rh3 Kd8 28. Rf2 Ke7 29. Nh5 Bc6 30. b4 Rg5 31. Nf4 Rhg7 32. Ne2 Bxg3 33.
Nxg3 Rxg3 34. Rxh6 Rxg2 35. Rhf6 Rxf2+ 36. Rxf2 Rg4 37. Re2 e5 38. Kd2 Rf4 39.
Rh2 Bxe4 40. Bc4 Rg4 41. Rh8 d5 42. Be2 Rg2 43. Ke3 Rg3+ 44. Kd2 d4 45. cxd4
exd4 46. Rc8 Kd7 47. Rf8 f5 48. Rf7+ Kd6 49. Rf6+ Ke5 50. Rf7 c5 51. Re7+ Kd6
52. Rf7 Rg2 53. Ke1 d3 54. Bf1 d2+ 55. Kd1 Bf3+ 56. Kc2 d1=Q+ 0-1

[Event "Titled Tuesday 2023.08.29 Early"]
[Site "chess.com INT"]
[Date "2023.08.29"]
[Round "9"]
[White "Hambleton, Aman"]
[Black "Garv, Gaur"]
[Result "1-0"]
[WhiteElo "2420"]
[BlackElo "2391"]
[PlyCount "141"]
[EventDate "2023.08.29"]
[EventType "swiss (blitz)"]
[EventRounds "11"]
[EventCountry "NET"]
[Source "Mark Crowther"]
[SourceDate "2023.09.04"]

1. e4 g6 2. h4 h5 3. d4 d6 4. Be3 Bg7 5. Qd2 c5 6. Ne2 Nf6 7. f3 cxd4 8. Nxd4
Nc6 9. c4 Nd7 10. Nc3 Qa5 11. Be2 Nc5 12. O-O-O Bd7 13. Kb1 Na4 14. Nd5 Qxd2
15. Rxd2 Rc8 16. b3 Nxd4 17. Bxd4 Bxd4 18. Rxd4 Nc5 19. Kb2 f6 20. Nc3 Kf7 21.
Rd2 Ne6 22. Nd5 Nc5 23. Bd1 Rhd8 24. Bc2 Rh8 25. Nf4 Rcg8 26. b4 Ne6 27. Nd5
Rc8 28. Bb3 b6 29. Rhd1 Rb8 30. a3 a5 31. Ne3 Rhc8 32. Rc2 Rc7 33. Nd5 Rcc8 34.
Rdd2 g5 35. Rc1 Rg8 36. Rh1 g4 37. f4 Ke8 38. g3 Nd8 39. Nc7+ Kf8 40. c5 bxc5
41. Bxg8 Kxg8 42. Na6 Rb6 43. Nxc5 Bc8 44. Re1 Nc6 45. Nd3 axb4 46. Nxb4 Nxb4
47. axb4 Rxb4+ 48. Kc3 Ra4 49. Rb2 Be6 50. Kd2 Ra3 51. Re3 Ra1 52. Kc3 Rc1+ 53.
Kd2 Rg1 54. Rb7 Rg2+ 55. Re2 Rxg3 56. Rxe7 Bc4 57. Re3 Rg2+ 58. Kc3 Bf7 59. Kd4
Rd2+ 60. Rd3 Rf2 61. Rc3 Rd2+ 62. Ke3 Rb2 63. Rc8+ Kg7 64. Rcc7 Rb3+ 65. Kd2
Rb2+ 66. Kc3 Rb3+ 67. Kc2 Rf3 68. Rxf7+ Kg8 69. Rfd7 Rf2+ 70. Kd3 Rf3+ 71. Kd4
1-0

[Event "Titled Tuesday 2023.08.22 Late"]
[Site "chess.com INT"]
[Date "2023.08.22"]
[Round "5"]
[White "Hambleton, Aman"]
[Black "Kozusek, Daniel"]
[Result "1-0"]
[WhiteElo "2420"]
[BlackElo "2365"]
[PlyCount "139"]
[EventDate "2023.08.22"]
[EventType "swiss (blitz)"]
[EventRounds "11"]
[EventCountry "NET"]
[Source "Mark Crowther"]
[SourceDate "2023.08.28"]

1. d4 d5 2. Bf4 c5 3. e3 cxd4 4. exd4 Nc6 5. c3 Bf5 6. Nd2 e6 7. Ngf3 Nge7 8.
Qb3 Qd7 9. Nh4 f6 10. Nxf5 Nxf5 11. Nf3 g5 12. Bd2 g4 13. Ng1 h5 14. Bd3 Bd6
15. Bxf5 exf5 16. Qxd5 O-O-O 17. O-O-O Ne7 18. Qc4+ Kb8 19. Ne2 Rc8 20. Qd3 Nd5
21. Kb1 Nb6 22. Nf4 Nc4 23. Bc1 Qb5 24. b3 Qb6 25. Qxf5 a5 26. Nd5 Qb5 27. Ne3
Qb6 28. Nxc4 Rxc4 29. Bb2 Rcc8 30. c4 a4 31. c5 Qb5 32. Qd3 Qxd3+ 33. Rxd3 Bc7
34. b4 Rhe8 35. d5 Be5 36. Rhd1 Bxb2 37. Kxb2 Re4 38. a3 Rf4 39. R1d2 Re4 40.
h3 gxh3 41. Rxh3 Rce8 42. Rxh5 Re1 43. d6 R8e2 44. Rhd5 Rd1 45. Rxe2 Rxd5 46.
Kc2 Kc8 47. Rd2 Rf5 48. g3 Kd7 49. f4 Rh5 50. Kc3 Rh3 51. Rd3 Rh1 52. Kc4 Ra1
53. Kb5 Rc1 54. Kxa4 Rb1 55. Kb5 Ra1 56. Re3 Kc8 57. a4 Rg1 58. a5 Rh1 59. Kb6
Rh8 60. b5 Kb8 61. Re7 f5 62. Rxb7+ Ka8 63. Re7 Rb8+ 64. Ka6 Rb7 65. Re8+ Rb8
66. Rxb8+ Kxb8 67. Kb6 Kc8 68. Kc6 Kd8 69. Kd5 Kd7 70. c6+ 1-0

[Event "Titled Tuesday 2023.08.15 Early"]
[Site "chess.com INT"]
[Date "2023.08.15"]
[Round "5"]
[White "Hambleton, Aman"]
[Black "Saypuri, Srithan"]
[Result "1-0"]
[WhiteElo "2420"]
[BlackElo "2145"]
[PlyCount "129"]
[EventDate "2023.08.15"]
[EventType "swiss (blitz)"]
[EventRounds "11"]
[EventCountry "NET"]
[Source "Mark Crowther"]
[SourceDate "2023.08.21"]

1. d4 Nf6 2. c4 e6 3. Nc3 d5 4. cxd5 exd5 5. Bg5 Bb4 6. e3 O-O 7. Bd3 h6 8. Bh4
Be6 9. Nge2 Nbd7 10. a3 Be7 11. O-O c5 12. dxc5 Nxc5 13. Bc2 Nce4 14. Rc1 Rc8
15. Bxe4 dxe4 16. Qxd8 Rfxd8 17. Nd4 Bc4 18. Rfd1 g5 19. Nf5 Bf8 20. Bg3 Bd3
21. h4 Nh5 22. hxg5 hxg5 23. Bh2 Ng7 24. Ng3 f5 25. Nge2 Bd6 26. Bxd6 Rxd6 27.
Nd4 Rh6 28. f3 Kf7 29. fxe4 fxe4 30. Nd5 Rch8 31. Rc7+ Kg6 32. Rdc1 Rh1+ 33.
Kf2 Rf8+ 34. Nf4+ gxf4 35. Rxh1 fxe3+ 36. Kxe3 Rf7 37. Rxf7 Kxf7 38. g4 Kg6 39.
Rc1 Kg5 40. Rc7 Ne8 41. Rxb7 Nf6 42. Rxa7 Nxg4+ 43. Kd2 Kf4 44. Rf7+ Ke5 45.
Nc2 Bc4 46. Re7+ Kf4 47. Re8 Ne5 48. Rxe5 Kxe5 49. Ne3 Ba6 50. Kc3 Kf4 51. Kd4
Kf3 52. a4 Ke2 53. b4 Kd2 54. b5 Bb7 55. a5 Ke2 56. a6 Bc8 57. Nc4 Kf3 58. Kc5
e3 59. Nxe3 Kxe3 60. Kd6 Kd4 61. Kc7 Bg4 62. b6 Be2 63. a7 Bf3 64. b7 Bxb7 65.
Kxb7 1-0

[Event "Titled Tuesday 2023.08.15 Late"]
[Site "chess.com INT"]
[Date "2023.08.15"]
[Round "6"]
[White "Kashefi, Amir Hosein"]
[Black "Hambleton, Aman"]
[Result "0-1"]
[WhiteElo "2194"]
[BlackElo "2420"]
[PlyCount "46"]
[EventDate "2023.08.15"]
[EventType "swiss (blitz)"]
[EventRounds "11"]
[EventCountry "NET"]
[Source "Mark Crowther"]
[SourceDate "2023.08.21"]

1. e4 b6 2. d4 Bb7 3. Nc3 e6 4. Nf3 Bb4 5. Bd3 Nf6 6. Qe2 d5 7. e5 Ne4 8. Bd2
Bxc3 9. bxc3 Nc6 10. O-O h6 11. Bxe4 dxe4 12. Qxe4 Na5 13. Qg4 Qd5 14. Qxg7
O-O-O 15. Qxf7 Rdf8 16. Qh5 Rxf3 17. Qg6 Rff8 18. f3 Rhg8 19. Qxh6 Rxf3 20.
Rxf3 Rxg2+ 21. Kh1 Rg8 22. Raf1 Qxf3+ 23. Rxf3 Bxf3# 0-1

[Event "Titled Tuesday 2023.08.08 Late"]
[Site "chess.com INT"]
[Date "2023.08.08"]
[Round "3"]
[White "Sadilek, P."]
[Black "Hambleton, Aman"]
[Result "0-1"]
[WhiteElo "2279"]
[BlackElo "2420"]
[PlyCount "60"]
[EventDate "2023.08.08"]
[EventType "swiss (blitz)"]
[EventRounds "11"]
[EventCountry "NET"]
[Source "Mark Crowther"]
[SourceDate "2023.08.14"]

1. d4 e5 2. dxe5 Nc6 3. Nf3 Qe7 4. Nc3 Nxe5 5. Nd5 Nxf3+ 6. gxf3 Qd8 7. Bf4 d6
8. Qd2 Nf6 9. Bg5 Be7 10. Nxe7 Qxe7 11. O-O-O h6 12. Bf4 Be6 13. Rg1 g5 14. Be3
O-O-O 15. Bd4 Rhg8 16. e4 Kb8 17. Qa5 b6 18. Qc3 Nd7 19. Bb5 c5 20. Bg7 f5 21.
Bxd7 Rxd7 22. Bf6 Qf7 23. Rxd6 Rxd6 24. Be5 Rgd8 25. Rd1 Kc7 26. Rxd6 Rxd6 27.
Qd3 Qe7 28. exf5 Bf7 29. Bg3 Qe1+ 30. Qd1 Qxd1# 0-1

[Event "Titled Tuesday 2023.07.25 Early"]
[Site "chess.com INT"]
[Date "2023.07.25"]
[Round "3"]
[White "Kostic, VV."]
[Black "Hambleton, Aman"]
[Result "0-1"]
[WhiteElo "2033"]
[BlackElo "2420"]
[PlyCount "92"]
[EventDate "2023.07.25"]
[EventType "swiss (blitz)"]
[EventRounds "11"]
[EventCountry "NET"]
[Source "Mark Crowther"]
[SourceDate "2023.07.31"]

1. e4 b6 2. d4 Bb7 3. Bd3 e6 4. Nf3 d5 5. e5 Ba6 6. Bxa6 Nxa6 7. c4 Nb4 8. a3
Nc6 9. Qa4 Nge7 10. Nc3 Qd7 11. O-O dxc4 12. Qxc4 Na5 13. Qa2 Nd5 14. Ne4 h6
15. Bd2 Nc6 16. Rfd1 Be7 17. Rac1 Bd8 18. Qc4 Nce7 19. b4 a6 20. Ne1 Qb5 21.
Qb3 Qe2 22. Ng3 Qg4 23. Nc2 O-O 24. h3 Qg6 25. Qf3 Rb8 26. Nf1 Nf5 27. Nce3
Nxd4 28. Qg4 Qxg4 29. Nxg4 Ne2+ 30. Kh2 Nxc1 31. Rxc1 Be7 32. Nge3 Nxe3 33.
Nxe3 c5 34. Nc4 cxb4 35. axb4 Rfc8 36. Be3 b5 37. Na5 Rxc1 38. Bxc1 Bxb4 39.
Nc6 Rc8 40. Nxb4 Rxc1 41. Nxa6 Rc4 42. g3 b4 43. f4 b3 44. Kg2 b2 45. Kf3 b1=Q
46. Ke3 Qe4+ 0-1

[Event "Titled Tuesday 2023.06.27 Early"]
[Site "chess.com INT"]
[Date "2023.06.27"]
[Round "5"]
[White "Sjugirov, S."]
[Black "Hambleton, Aman"]
[Result "1-0"]
[WhiteElo "2699"]
[BlackElo "2420"]
[PlyCount "53"]
[EventDate "2023.06.27"]
[EventType "swiss (blitz)"]
[EventRounds "11"]
[EventCountry "NET"]
[Source "Mark Crowther"]
[SourceDate "2023.07.03"]

1. d4 Nf6 2. c4 e6 3. Nc3 Bb4 4. e3 O-O 5. Nge2 Re8 6. Ng3 d5 7. Be2 dxc4 8.
Bxc4 c5 9. O-O cxd4 10. exd4 Nc6 11. Be3 Ne7 12. a3 Bd6 13. Bg5 Ng6 14. Bb5 Rf8
15. Bd3 h6 16. Bxf6 Qxf6 17. Nce4 Qxd4 18. Nxd6 Qxd6 19. Bxg6 Qxd1 20. Bxf7+
Kxf7 21. Raxd1 Ke7 22. Rc1 Bd7 23. Rc7 Rab8 24. Rd1 Rfd8 25. Ne4 Ke8 26. Nd6+
Ke7 27. Nxb7 1-0

[Event "Titled Tuesday 2023.05.23 Late"]
[Site "chess.com INT"]
[Date "2023.05.23"]
[Round "9"]
[White "Hambleton, Aman"]
[Black "Loiacono, Leonardo"]
[Result "1-0"]
[WhiteElo "2420"]
[BlackElo "2301"]
[PlyCount "63"]
[EventDate "2023.05.23"]
[EventType "swiss (blitz)"]
[EventRounds "11"]
[EventCountry "NET"]
[Source "Mark Crowther"]
[SourceDate "2023.05.29"]

1. c4 g6 2. e4 Bg7 3. d4 c5 4. d5 d6 5. Bd3 b5 6. cxb5 a6 7. bxa6 Nf6 8. Nc3
Qa5 9. Nge2 Bxa6 10. O-O O-O 11. h3 Nfd7 12. Bg5 Re8 13. Rb1 Bxd3 14. Qxd3 Na6
15. Qd2 Ne5 16. b3 c4 17. Rfd1 Rab8 18. Na4 Qxd2 19. Bxd2 Rec8 20. Bc3 Nb4 21.
Rd2 Nxa2 22. Rxa2 cxb3 23. Ra3 Rc4 24. f3 Ra8 25. Bxe5 Bxe5 26. Nb6 Rxa3 27.
Nxc4 Ra2 28. Nxe5 dxe5 29. Kf2 b2 30. Ke3 f5 31. Nc3 Ra1 32. Rxb2 1-0

[Event "Titled Tuesday 2023.04.25 Early"]
[Site "chess.com INT"]
[Date "2023.04.25"]
[Round "3"]
[White "Hambleton, Aman"]
[Black "Sowinski, Pawel"]
[Result "0-1"]
[WhiteElo "2420"]
[BlackElo "2313"]
[PlyCount "98"]
[EventDate "2023.04.25"]
[EventType "swiss (blitz)"]
[EventRounds "11"]
[EventCountry "NET"]
[Source "Mark Crowther"]
[SourceDate "2023.05.01"]

1. d4 Nf6 2. Bf4 d6 3. e3 g6 4. h3 Bg7 5. Nf3 O-O 6. c3 c5 7. dxc5 dxc5 8. Qxd8
Rxd8 9. Bc7 Re8 10. Nbd2 Nc6 11. Bh2 b6 12. Bb5 Bb7 13. Ne5 Nxe5 14. Bxe5 Red8
15. Bxf6 Bxf6 16. Rg1 a6 17. Be2 b5 18. Bf3 Rab8 19. Bxb7 Rxb7 20. Ke2 b4 21.
cxb4 Rxb4 22. Rab1 Bxb2 23. Nb3 Ba3 24. Rgd1 Rdb8 25. Rd2 c4 26. Rc2 cxb3 27.
axb3 Rxb3 28. Ra1 Bd6 29. Rxa6 Rb2 30. Rac6 Rxc2+ 31. Rxc2 Rb1 32. Kf3 h5 33.
g4 h4 34. Kg2 Kg7 35. Kf3 Rh1 36. Kg2 Rh2+ 37. Kg1 Rxh3 38. Rc4 Rf3 39. g5 Rf5
40. Rg4 e5 41. Kg2 Be7 42. f4 exf4 43. exf4 Bd6 44. Kf3 h3 45. Rh4 h2 46. Rxh2
Rxf4+ 47. Kg2 Rg4+ 48. Kh3 Bxh2 49. Kxg4 Bd6 0-1

[Event "Titled Tuesday 2023.04.25 Late"]
[Site "chess.com INT"]
[Date "2023.04.25"]
[Round "1"]
[White "Hambleton, Aman"]
[Black "Federzoni, Enzo"]
[Result "1-0"]
[WhiteElo "2420"]
[BlackElo "2133"]
[PlyCount "117"]
[EventDate "2023.04.25"]
[EventType "swiss (blitz)"]
[EventRounds "11"]
[EventCountry "NET"]
[Source "Mark Crowther"]
[SourceDate "2023.05.01"]

1. d4 Nf6 2. c4 e6 3. Nc3 Bb4 4. e3 c5 5. Nge2 cxd4 6. exd4 d5 7. a3 Be7 8.
cxd5 Nxd5 9. Nxd5 Qxd5 10. Nc3 Qd8 11. Be2 O-O 12. O-O Bf6 13. Be3 a6 14. Bf3
Nc6 15. Bxc6 bxc6 16. Ne4 Be7 17. Qc2 Rb8 18. Rfd1 Qd5 19. Rac1 Qb3 20. Qxb3
Rxb3 21. Rd2 Bd7 22. Bg5 Bxg5 23. Nxg5 Rfb8 24. Rcc2 h6 25. Ne4 Kf8 26. Nc5 Ke7
27. Nxb3 Rxb3 28. Rc3 Rxc3 29. bxc3 Kd6 30. Rb2 Bc8 31. Kf1 Kc7 32. Ke2 Bb7 33.
Ke3 a5 34. g3 Ba6 35. h4 Bc4 36. Rb1 a4 37. Rb4 Bb3 38. c4 e5 39. dxe5 c5 40.
Rb5 Kc6 41. Ra5 Bxc4 42. Rxa4 Kb5 43. Ra7 Bd5 44. Rd7 Be6 45. Rd6 c4 46. Kd4
Bf5 47. Kc3 g6 48. f3 Be6 49. g4 h5 50. gxh5 gxh5 51. f4 Bf5 52. Rf6 Be6 53. f5
Bd5 54. e6 fxe6 55. fxe6 Bc6 56. e7 Be8 57. Rf8 Bd7 58. Rd8 Be8 59. Rxe8 1-0

[Event "Titled Tuesday 2023.04.25 Late"]
[Site "chess.com INT"]
[Date "2023.04.25"]
[Round "2"]
[White "Khandelwal, A."]
[Black "Hambleton, Aman"]
[Result "0-1"]
[WhiteElo "2205"]
[BlackElo "2420"]
[PlyCount "118"]
[EventDate "2023.04.25"]
[EventType "swiss (blitz)"]
[EventRounds "11"]
[EventCountry "NET"]
[Source "Mark Crowther"]
[SourceDate "2023.05.01"]

1. e4 d5 2. exd5 Qxd5 3. Nc3 Qe5+ 4. Be2 c6 5. d4 Qc7 6. Nf3 Bf5 7. O-O e6 8.
Nh4 Bg6 9. Re1 Bd6 10. g3 Nf6 11. Bg5 Nbd7 12. Nxg6 hxg6 13. Bf3 O-O 14. Kg2
Rfe8 15. h4 Nd5 16. h5 gxh5 17. Bxh5 Be7 18. Ne4 g6 19. Bxe7 Rxe7 20. Bf3 Kg7
21. Rh1 Ree8 22. Qd2 Rh8 23. c4 N5f6 24. Ng5 Qd6 25. Rae1 Rad8 26. Qe3 b6 27.
a3 c5 28. Rd1 cxd4 29. Rxd4 Qe7 30. Rdh4 Rdf8 31. b4 a5 32. Qc3 axb4 33. axb4
Rxh4 34. Rxh4 Rh8 35. Rxh8 Kxh8 36. Bc6 Kg8 37. Qd4 Kf8 38. Qh4 Kg7 39. b5 Nc5
40. Qd4 Ncd7 41. Nf3 Nc5 42. Qe3 Kg8 43. Qd4 Nh7 44. Ne5 Qc7 45. f4 Nf8 46. Be8
f6 47. Bf7+ Kg7 48. Bxe6 fxe5 49. Qxe5+ Qxe5 50. fxe5 Nfxe6 51. Kf3 Kf7 52. Kg2
Nc7 53. Kf3 Ke6 54. Kg4 Kxe5 55. Kf3 N7e6 56. Kg4 Kd4 57. Kh4 Kxc4 58. g4 Kxb5
59. g5 Kc4 0-1

[Event "Titled Tuesday 2023.04.25 Late"]
[Site "chess.com INT"]
[Date "2023.04.25"]
[Round "6"]
[White "Baziuk, Vladyslav"]
[Black "Hambleton, Aman"]
[Result "0-1"]
[WhiteElo "2201"]
[BlackElo "2420"]
[PlyCount "120"]
[EventDate "2023.04.25"]
[EventType "swiss (blitz)"]
[EventRounds "11"]
[EventCountry "NET"]
[Source "Mark Crowther"]
[SourceDate "2023.05.01"]

1. e4 b6 2. d4 Bb7 3. Bd3 e6 4. Qe2 d5 5. Nf3 dxe4 6. Bxe4 Bxe4 7. Qxe4 Qd5 8.
Qe2 Nf6 9. c4 Qh5 10. Bf4 Bd6 11. Bxd6 cxd6 12. Nc3 O-O 13. O-O Nbd7 14. b3 a6
15. a4 h6 16. h3 Rfc8 17. Qd3 d5 18. Rfe1 Rc7 19. Ne5 Rac8 20. Rac1 dxc4 21.
bxc4 Nxe5 22. dxe5 Nd7 23. Qd6 Kh7 24. Re4 Qg5 25. Ne2 Nc5 26. Rg4 Qf5 27. Qxb6
Qxe5 28. Ng3 Rc6 29. Qb1+ f5 30. Re1 Qf6 31. Nh5 Qf8 32. Rxg7+ Qxg7 33. Nxg7
Kxg7 34. Qb2+ Kf7 35. Qd2 Kg7 36. Qd4+ Kf7 37. Qh4 Kg6 38. Re3 Ne4 39. f3 Nf6
40. c5 R8c7 41. Qd4 Kf7 42. Re5 Nd7 43. Re3 Rxc5 44. Qh8 Rc1+ 45. Kh2 Nf8 46.
Qxh6 R1c4 47. a5 R7c5 48. Qh5+ Kf6 49. Qh8+ Kf7 50. Rd3 Rc8 51. Qh5+ Kf6 52.
Qh6+ Ng6 53. Kg3 f4+ 54. Kh2 Rh8 55. Qg5+ Kxg5 56. h4+ Rxh4+ 57. Kg1 Rc1+ 58.
Kf2 Rhh1 59. Rd6 Rc2+ 60. Rd2 Rxd2# 0-1